|
|
|
|
| LEADER |
00968nam a2200277 a 4500 |
| 001 |
5618 |
| 003 |
BD-DhAAL |
| 005 |
20150502102732.0 |
| 008 |
150502s1993 mauab b 000 0 eng |
| 010 |
|
|
|a 92225806
|
| 020 |
|
|
|a 0669332518 (v. 1)
|
| 020 |
|
|
|a 0669332526 (v. 2)
|
| 040 |
|
|
|a DLC
|c DLC
|d DLC
|d BD-DhAAL
|
| 050 |
0 |
0 |
|a E173
|b .M248 1993
|
| 082 |
|
|
|a 973.8
|
| 245 |
0 |
4 |
|a The Makings of America :
|b the United States and the world.
|
| 260 |
|
|
|a Lexington, Mass. :
|b D.C. Heath,
|c c1993.
|
| 300 |
|
|
|a 2 v. :
|b ill., map ;
|c 24 cm.
|
| 504 |
|
|
|a Includes bibliographical references.
|
| 505 |
0 |
|
|a v. 1. To 1865 -- v. 2. Since 1865.
|
| 541 |
|
|
|e 5618
|
| 651 |
|
0 |
|a United States
|x History
|x Sources.
|9 9856
|
| 710 |
2 |
|
|a D.C. Heath and Company.
|9 10901
|
| 942 |
|
|
|2 ddc
|c BK
|
| 999 |
|
|
|c 34361
|d 34361
|
| 952 |
|
|
|0 0
|1 0
|2 ddc
|4 0
|6 973_800000000000000_MAK
|7 0
|9 53653
|a SCL
|b SCL
|c GEN
|d 2015-05-02
|e Gift: The Asia Foundation
|l 0
|o 973.8 MAK
|p 3020005618
|r 2015-05-02
|t 1
|w 2015-05-02
|y BK
|